000 01906cam a2200253 4500
001 7663
005 20181127184104.0
008 031216s2004 enka b 001 0 eng
010 _a 2003027167
020 _a0415315425 (hardback)
020 _a0415315433 (softcover)
082 0 0 _a305.8
_222
100 _aKaufmann, Eric P.
_b
_c
_d
_eeditor
_q
245 0 0 _aRethinking ethnicity :
_bmajority groups and dominant minorities /
_cedited by Eric P. Kaufmann.
260 _aLondon ;
_aNew York :
_bRoutledge,
_c2004.
300 _axiv, 254 p. :
_bill. ;
_c24 cm.
504 _aIncludes bibliographical references and index.
505 0 0 _gIntroduction :
_tdominant ethnicity : from background to foreground /
_rEric P. Kaufmann --
_tEthnic cores and dominant ethnies /
_rAnthony D. Smith --
_gThe
_tidentity and changing status of former elite minorities : the contrasting cases of North Indian Muslims and American WASPs /
_rTheodore P. Wright, Jr. --
_tDominant ethnicity and dominant nationhood /
_rAndreas Wimmer --
_gThe
_tdecline of the WASP in the United States and Canada --
_rEric P. Kaufmann --
_t'Pures laines' Quebecois : the concealed ethnicity of dominant majorities /
_rDanielle Juteau --
_gThe
_tconcept of 'dominant ethnicity' in the case of France /
_rDominique Schnapper --
_gThe
_tstrange death of Protestant Britain /
_rSteve Bruce --
_tRussians as a dominant ethnie /
_rGeoffrey Hosking --
_tCitizenship, immigration and ethnic hegemony in Japan /
_rKeiko Yamanaka --
_tTowards a theory of ethnocratic regimes : learning from the Judaization of Israel/Palestine /
_rOren Yiftachel, As'ad Ghanem --
_t""Majority ethnic' claims and authoritarian nationalism : the case of Hindutva /
_rChetan Bhatt --
_gThe
_tdynamics of ethnic minority domination in Fiji /
_rRalph R. Premdas.
650 0 _aCultural pluralism.
650 0 _aEthnicity.
650 0 _aMajorities.
650 0 _aMinorities.
700 1 _aKaufmann, Eric P.
999 _c6569
_d6569